| 000 | 01179nam a2200205Ia 4500 | ||
|---|---|---|---|
| 001 | 10480 | ||
| 003 | GE_BSU | ||
| 008 | 181216s||||||||xx |||||||||||||| ||und|| | ||
| 040 | _cGE_BSU | ||
| 080 | _a821.353.1–1 | ||
| 245 | _aქართული პოეზია. 15 ტომად:ტ.16.ქალაქური პოეზია | ||
| 245 | _cსარედ.კოლ.გრიგოლ აბაშიძე.ან.კალანდაძე.მ.ლებანიძე და სხვ.ტომი შეადგინეს გივი გეგეჭკორმა.ემზარ კვიტაიშვილმა.ტარიელ ჭანტურიამ,მხატვ.დ.დუნდუა.წინასიტყვ.ავტ.ე.კვიტაიშვილი.ლექსიკონი შეადგ.ზ.მედულაშვილი | ||
| 260 | _aთბილისი | ||
| 260 | _bნაკადული | ||
| 260 | _c1985 | ||
| 300 | _a349გვ.18სმ. | ||
| 300 | _eცნობარიგვ.307-321.ლექსიკონი გვ.322-340 | ||
| 653 | _aქართული პოეზია | ||
| 942 | _cBK | ||
| 999 |
_c43735 _d43735 |
||